000 01648nam a2200373 a 4500
003 BLK
005 20240131164053.0
008 180412b bul|||||r ||||||| ||bul||
010 _aKNG00006779000
040 _aBLK
041 _aBUL
_cBUL
080 _aАмериканска литература (на САЩ)
_b821.111(73)
_x-312.4
_z821.111(73)-312.4
100 1 _aСпилейн, Мики
_eпърви автор
_gМорис, Франк
_9122690
139 _aСпилейн, Мики и др.
_bС 57
245 1 0 _aУбий или умри
_bКримин. роман
_cМики Спилейн; прев. от англ. Лъчезар Живин; Картър Браун; Стойчо Кьосев.
245 1 0 _aПлюшен ковчег
_bКримин. роман
_cКартър Браун ; Прев. от англ. Стойчо Кьосев
257 _aUSA
260 _aСофия
_bДамян Яков
_c1995
_fВраца : Полипринт
300 _a199 с.
_c20 см
380 _aX
500 _aОриг. загл. Kick it or kill / Mickey Spillane ; The Plush-Lined Coffin / Carter Brown. - Офс. изд. - 6 000 тир.
653 _aкрими
653 _aромани
700 1 _aЖивин, Лъчезар
_eпрев. от англ.
_9363834
700 1 _aБраун, Картър
_9363696
700 1 _aКьосев, Стойчо
_9250275
852 _aЦб 180416
_bЦб
856 4 _qpdf
_u
856 4 _qpdf
_u
942 _cKNG
_n0
_08
944 _aCR
_c15.01.2003
_lРадостина Карадакова
_k30534
944 _aED
_c12.05.2017
_lф /
_kЛюдмила_Стоянова
999 _c5583
_d5583
999 _d5583